000 00228nam a22000857a 4500
008 161108b xxu||||| |||| 00| 0 eng d
100 _91070
_aBPI INDIA
245 _aThe cuttlefish loses lins life
260 _aNew Delhi
_bBPI INDIA
_c2011
999 _c3728
_d3728